000 00677nam a2200205Ii 4500
003 JO-AjNU
008 230605s9999||||xx |||||||||||||| ||und||
040 _aJO-AjNU
_bara
_erda
_cJO-AjNU
041 _aara
050 1 4 _aBP170.F37 1982
100 3 _aفراج، جابر حمزة,
_eauthor
_914307
245 0 0 _aالبرهان اليقيني للرد على كتاب نقد الفكر الديني
250 _aط3
264 3 1 _aبيروت: دار الافاق الجديدة، 1982
300 _a158ص
336 _atext
_btxt
_2rdacontent
337 _aunmediated
_bn
_2rdamedia
338 _avolume
_bnc
_2rdacarrier
650 4 _aالاسلام- دفع مطاعن
_914308
999 _aA3784
_c7352
_d7352